| 000 | 01171nam a22003017a 4500 | ||
|---|---|---|---|
| 001 | BR8005672 | ||
| 003 | BR-BrBNA | ||
| 005 | 20230928090743.0 | ||
| 007 | ta | ||
| 008 | 230509b bl.||||| |||| 00| 0 por d | ||
| 040 |
_aBR-BrBNA _bpor _cBiblioteca Nacional de Agricultura |
||
| 041 | _a(De) | ||
| 072 |
_aK00; K20 _b/G514 |
||
| 090 | _ K00 BR8005672 | ||
| 100 | 1 | _aBrepohl, D. | |
| 110 | 1 |
_aUniversitat Zu Freiburg im Breisgau (Germany). Forstwissenschaftlichen Fakultat der Albert - Ludwigs _0Tese (Doktorwurde) |
|
| 245 | 1 | _aDer beitrag des forstsektors zur regionalen Entwicklung Dargestellt, am Beispiel des Triangulo Mineiro (Brasilien). [floresta, analise economica, desenvolvimento florestal, Triangulo Mineiro, Brasil] | |
| 260 | 3 |
_aFreiburg (Germany): _c1980. |
|
| 300 | _a257 p. | ||
| 500 | _aSummaries (Ger, Por); Bibliography p. 217-224 (77 ref.). (*) Documento disponível na(o) UFPR, Curitiba, PR (Brazil). Biblioteca Central | ||
| 650 | _aFLORESTA | ||
| 650 | _aECONOMIA FLORESTAL | ||
| 650 | _aDESENVOLVIMENTO FLORESTAL | ||
| 650 | _aTRIANGULO MINEIRO | ||
| 650 | _aMINAS GERAIS | ||
| 909 |
_a202309 _bLucia _c55 _dLucia Elande |
||
| 942 | _cBK | ||
| 999 |
_c30363 _d30363 |
||